Posobije dľa praktičeskich zaňatij po razgovornoj reči

Bibliographic Details
Main Authors: Baniševa, Galina Michajlovna (Author), Kovaľová, V. (Author)
Format: Book
Language:Russian
PhysicalDescription:210 s., 10,130 AH 29 cm
Published: Košice Univerzita P. J. Šafárika 1988
Edition:2., dopl. a pozm. vyd.
Series:Vysokoškolské učebné texty
Subjects:

MARC

LEADER 00000nam a2200000 a 4500
001 vtls001121493
003 SK-MaSNL
005 20260301153639.0
008 250414s1988 xo 0 rus
015 |a SNBA1988/07 
035 |a SNK000064336 
040 |a SNK  |b slo  |c SNK  |e AACR2 
041 0 |a rus 
044 |a xo  |c SK 
080 |a 808.2(075.8)  |2 1981 
100 1 |a Baniševa, Galina Michajlovna  |4 aut  |9 515442 
245 1 0 |a Posobije dľa praktičeskich zaňatij po razgovornoj reči  |c Galina M. Baniševa, V. Kovaľová 
250 |a 2., dopl. a pozm. vyd. 
260 |a Košice  |b Univerzita P. J. Šafárika  |c 1988  |e Košice  |f Edičné stredisko UPJŠ 
300 |a 210 s., 10,130 AH  |c 29 cm 
366 |e 250 výtl. 
490 1 |a Vysokoškolské učebné texty 
650 0 7 |a ruština  |2 SNKPH  |9 1346 
655 7 |a učebnice vysokých škôl  |2 SNKPH  |9 70191 
700 1 |a Kovaľová, V.  |4 aut  |9 515443 
830 0 |a Vysokoškolské učebné texty  |9 276539 
852 |a Slovenská národná knižnica 
958 |a RM 
958 |a UV 
958 |a OND 
999 |c 793902  |d 795832 
952 |a SNK  |b SNK  |y PREZ  |7 0  |p 17A0845884  |o snkSB 43122/2   |0 0  |1 0  |4 0  |d 2012-07-06  |f 1  |l 0  |r 2025-05-09 00:00:00  |w 2026-02-24 
952 |t P60, <04>, [BOOK], {604}  |a SNK  |b SNK  |y VYP  |7 0  |p 17A0199707  |o snkSB 43122/2 D1  |0 0  |1 0  |4 0  |d 1999-07-14  |l 0  |r 2004-12-31 00:00:00  |w 2026-02-24